000
00296nam a2200145Ia 4500
100
_a
GUPTA/R.B.
650
_a
Machine Drawing
942
_c
BK
366
_f
20
245
_a
Machine Drawing
260
_b
NEW DELHI
_a
SATYA PRAKASHAN
_c
2013
300
_a
791
546
_a
ENGLISH
999
_c
35570
_d
35570